| 000 | 00727nam a22002657a 4500 | ||
|---|---|---|---|
| 003 | CHAP | ||
| 005 | 20220817041120.0 | ||
| 008 | 971013s1993 r 00010 d | ||
| 010 | _a6714 | ||
| 011 | _a7686 | ||
| 035 | _a6910 | ||
| 040 | _cCHAP | ||
| 082 |
_a634.81 _bH54 |
||
| 100 | 0 | 0 |
_aHidalgo, Luis. _955213 |
| 245 | _aTratado de viticultura general | ||
| 260 |
_aMadrid : _bMundi-Prensa, _c1993 |
||
| 300 |
_a983 p. _b: ilus |
||
| 590 |
_aBATCH-UPD _b10 _c20130110 _lUCH01 _h1130 |
||
| 590 |
_aCONVERSION _b10 _c20130109 _lUCH01 _h1305 |
||
| 650 | 1 | 4 |
_aVid. _9119097 |
| 650 | 1 | 4 | _aViticultura. |
| 901 | _aBK | ||
| 942 | _cLIBRO | ||
| 949 |
_a634.81 H54 _bBC _cLIBRO _d33724000890638 _eLIBRO _gI.168740 _h84871 _i6910 _si _t200.00 |
||
| 999 |
_c6714 _d6714 |
||